An introduction to numerical methods and analysis/ (Record no. 9855)

MARC details
000 -LEADER
fixed length control field 00630nam a22002057a 4500
003 - CONTROL NUMBER IDENTIFIER
control field OSt
005 - DATE AND TIME OF LATEST TRANSACTION
control field 20260424062718.0
008 - FIXED-LENGTH DATA ELEMENTS--GENERAL INFORMATION
fixed length control field 260424b |||||||| |||| 00| 0 eng d
020 ## - INTERNATIONAL STANDARD BOOK NUMBER
International Standard Book Number 9971-51-419-2
040 ## - CATALOGING SOURCE
Original cataloging agency DWC-Main lib.
Transcribing agency OC
082 ## - DEWEY DECIMAL CLASSIFICATION NUMBER
Edition number 1st ed.
Classification number Circ. 519.4 Ep73a 2002
100 ## - MAIN ENTRY--PERSONAL NAME
Personal name Epperson, James F.
245 ## - TITLE STATEMENT
Title An introduction to numerical methods and analysis/
Statement of responsibility, etc. James F. Epperson
260 ## - PUBLICATION, DISTRIBUTION, ETC.
Place of publication, distribution, etc. New York :
Name of publisher, distributor, etc. John Wiley and Sons,
Date of publication, distribution, etc. c2002.
300 ## - PHYSICAL DESCRIPTION
Extent vii,556 p. ;
Dimensions 24 cm.
504 ## - BIBLIOGRAPHY, ETC. NOTE
Bibliography, etc. note Includes index.
650 ## - SUBJECT ADDED ENTRY--TOPICAL TERM
Topical term or geographic name entry element 1. Numerical analysis.
760 ## - MAIN SERIES ENTRY
Edition 1st ed.
942 ## - ADDED ENTRY ELEMENTS (KOHA)
Source of classification or shelving scheme Dewey Decimal Classification
Koha item type Book Circulation
Edition 1st ed.
Classification part Circ.
Suppress in OPAC No
952 ## - LOCATION AND ITEM INFORMATION (KOHA)
--
952 ## - LOCATION AND ITEM INFORMATION (KOHA)
--
952 ## - LOCATION AND ITEM INFORMATION (KOHA)
--
952 ## - LOCATION AND ITEM INFORMATION (KOHA)
--
Holdings
Withdrawn status Lost status Source of classification or shelving scheme Damaged status Not for loan Home library Current library Shelving location Date acquired Total Checkouts Full call number Barcode Date last seen Copy number Price effective from Koha item type Uniform Resource Identifier Cost, normal purchase price Source of acquisition
    Dewey Decimal Classification     College Library College Library Circulation 04/24/2026   Circ. 519.4 Ep73a 2002 CL36039 04/24/2026 c1 04/24/2026 BK-CIRC    
    Dewey Decimal Classification     College Library College Library Circulation 02/04/2003   Circ. 519.4 Ep73a 2002 CL36062 04/24/2026 c2 04/24/2026 BK-CIRC 395.00  
    Dewey Decimal Classification     College Library College Library Circulation 02/04/2003   Circ. 519.4 Ep73a 2002 CL36063 04/24/2026 c3 04/24/2026 BK-CIRC 395.00  
    Dewey Decimal Classification     College Library College Library Circulation 02/04/2003   Circ. 519.4 Ep73a 2002 CL39405 04/24/2026 c4 04/24/2026 BK-CIRC   School Fund